000 00662nam a2200265Ia 4500
005 20260324152601.0
008 008 260324s9999 xx 000 0 eng d
020 _a9780444633125
037 _aEBOOK
040 _aCRL
040 _beng
040 _cCRL
041 _2eng
041 _aeng
084 _qCRL
100 _aSingh, Rajindar
_91229158
245 0 _aEmerging Membrane Technology for Sustainable Water Treatment
260 _bElsevier
260 _c2016
650 _aChemical Engineering
856 _uhttps://www.sciencedirect.com/science/book/9780444633125
942 _cEBOOK
999 _c1839895
_d1839895